| 000 | 00734nam a2200229 a 4500 | ||
|---|---|---|---|
| 005 | 20140310183605.0 | ||
| 008 | 120608s19uu xx 00 eng d | ||
| 020 | _a9780071266758 | ||
| 050 |
_aHG 4026 _b.B667 2008 |
||
| 100 | _aBrealey, Richard A. | ||
| 245 |
_aPrinciples of corporate finance. / _cRichard A. Brealey, Stewart C. Myers, and Franklin Allen. |
||
| 250 | _a9th ed. | ||
| 260 |
_aSingapore : _bMcGraw-Graw Hill Education, _c2008. |
||
| 300 |
_a976 p. : _bill. col. ; _c25 cm. |
||
| 500 | _aIncludes bibliographical references, glossary and index. | ||
| 521 | _aBSBA | ||
| 650 |
_aCorporations _xFinance |
||
| 700 | _aMyers, Stewart C. | ||
| 700 | _aAllen, Franklin | ||
| 942 |
_cBK _2lcc _kFOR |
||
| 999 |
_c25161 _d25161 |
||